Fundamentos de Cristología / (Record no. 7777)

MARC details
000 -LEADER
campo de control de longitud fija 00677ntaaa2200241 4500
003 - IDENTIFICADOR DE NÚMERO DE CONTROL
campo de control 01
005 - FECHA Y HORA DE LA ÚLTIMA TRANSACCIÓN
campo de control 20251027201329.0
008 - DATOS DE LONGITUD FIJA--INFORMACIÓN GENERAL
campo de control de longitud fija 0714s1973 ag 01
020 ## - NÚMERO INTERNACIONAL ESTÁNDAR DEL LIBRO
Número Internacional Estándar del Libro 8430105506
040 ## - FUENTE DE CATALOGACIÓN
Centro catalogador/agencia de origen AR-BaBN
Lengua de catalogación spa
Centro/agencia transcriptor AR-BaBN
Normas de descripción aacr
Centro/agencia modificador RIC
082 ## - NÚMERO DE LA CLASIFICACIÓN DECIMAL DEWEY
Número de clasificación 232.8 P19f
100 ## - ENTRADA PRINCIPAL--NOMBRE DE PERSONA
Nombre de persona Pannenberg, Wolfhart
9 (RLIN) 3927
245 ## - MENCIÓN DEL TÍTULO
Título Fundamentos de Cristología /
Mención de responsabilidad, etc. Wolfhart Pannenberg, traducido por Joan Leita
250 ## - MENCION DE EDICION
Mención de edición 1ª ed.
260 ## - PUBLICACIÓN, DISTRIBUCIÓN, ETC.
Lugar de publicación, distribución, etc. Salamanca :
Nombre del editor, distribuidor, etc. Sigueme,
Fecha de publicación, distribución, etc. 1973
300 ## - DESCRIPCIÓN FÍSICA
Extensión 511 p.
490 ## - MENCIÓN DE SERIE
Mención de serie Lux Mundi ;
Designación de volumen o secuencia 37
500 ## - NOTA GENERAL
Nota general La biblioteca posee la obra en inglés
650 ## - PUNTO DE ACCESO ADICIONAL DE MATERIA--TÉRMINO DE MATERIA
Término de materia o nombre geográfico como elemento de entrada CRISTOLOGIA
9 (RLIN) 1723
650 ## - PUNTO DE ACCESO ADICIONAL DE MATERIA--TÉRMINO DE MATERIA
Término de materia o nombre geográfico como elemento de entrada TEOLOGIA
700 ## - ENTRADA AGREGADA--NOMBRE PERSONAL
Nombre de persona Leita, Joan
Término indicativo de función/relación traductor
9 (RLIN) 11626
942 ## - ELEMENTOS DE ENTRADA SECUNDARIOS (KOHA)
Tipo de ítem Koha Colección General
Holdings
Estatus retirado Estado de pérdida Estado de daño No para préstamo Biblioteca de origen Biblioteca actual Fecha de adquisición Número de inventario Total de préstamos Signatura topográfica completa Código de barras Visto por última vez Precio de reemplazo Tipo de ítem Koha
        Biblioteca Pluis Biblioteca Pluis 27/10/2025 031331   232.8 P19f 031331 27/10/2025 27/10/2025 Colección General
        Biblioteca Pluis Biblioteca Pluis 27/10/2025 043286   232.8 P19f 043286 27/10/2025 27/10/2025 Colección General